000 00525 a2200181 4500
999 _c5833
_d5833
010 _aENG-87034
020 _a0070648581
_c225.00
035 _aEN-70567
037 _bDBAD / PUB
082 1 4 _a005
100 1 _aKahate, Atul
245 1 _aInformation technology /
_cby Atul Kahate
260 _aNew Delhi
_bTata McGraw-Hill Publishing
_c2008
270 _a7, West Patel Nagar,
_bNew Delhi
_e110 008
300 _avarious paging
_c24 cm (Pbk)
500 _aIncludes index
942 _adpl
_cEN
_2ddc
_h005
_mKAH